| 000 | 00856nas a2200289 4500 | ||
|---|---|---|---|
| 001 | BR2012001968 | ||
| 003 | BR-BrBNA | ||
| 005 | 20231205120350.0 | ||
| 007 | ta | ||
| 008 | 230509b bl.|||p| |||| 00| 00por d | ||
| 040 |
_aBR-BrBNA _bpor _cBiblioteca Nacional de Agricultura |
||
| 041 | _a(Pt) | ||
| 072 | _aH10 | ||
| 100 | 1 | _aRodrigues Neto, S.M. | |
| 100 | 1 | _aBerlote, L.C.C. | |
| 245 | 1 | _aIncidência de Trigona spinipes (hymenoptera: apidae)em frutos de maracujá (Passiflora sp.) | |
| 650 | _aMARACUJÁ | ||
| 650 | _aPASSIFLORA EDULIS | ||
| 650 | _aTRIGONA SPINIPES | ||
| 650 | _aIRAPUÁ | ||
| 650 | _aINSETO | ||
| 650 | _aPRAGA DE PLANTA | ||
| 650 | _aABELHA | ||
| 773 | 0 |
_tO Biológico (Brazil) _xISSN 0366-0567 _g(Jan-Jul 1996), v. 58(1) p. 13-14 _wBR2012001968 |
|
| 909 |
_a202311 _bLúcia _c55 _dLúcia Elande |
||
| 942 |
_2AGRIS _n0 _cANA |
||
| 999 |
_c218145 _d218145 |
||